Les 20 villes les plus peuplées de l'Eure (27) - Statistiques

Statistiques générales
  • Ce quiz a été pris 57 fois
  • Le résultat moyen est 8 sur 20
Statistiques - réponses
HINT HINT ANSWER % Correct
48 335 É Évreux
98%
24 841 V Vernon
85%
18 347 L Louviers
80%
9 801 B Bernay
78%
12 939 V Val-de-Reuil
70%
9 950 P Pont-Audemer
59%
12 395 G Gisors
57%
7 822 L Les Andelys
57%
6 785 G Gaillon
43%
4 975 P Pacy-sur-Eure
41%
4 860 C Conches-en-Ouche
26%
7 262 V Verneuil d'Avre et d'Iton
24%
4 474 S Saint-Marcel
20%
4 284 B Breteuil
17%
4 697 B Beuzeville
11%
5 156 L Le Val d'Hazey
9%
6 142 M Mesnils-sur-Iton
9%
5 508 S Saint-Sébastien-de-Morsent
7%
4 441 M Mesnil-en-Ouche
4%
6 026 V Vexin-sur-Epte
4%
Aucun quiz correspondant
Distribution des résultats
% des personnes avec chaque résultat
Percentile par nombre de réponses
Votre historique - résultats
Vous n’avez pas pris ce quiz